1073 1878 1941 1037 1186 1927 1535 1382 1017 1328 1744 1263 1297 1645 1771 1092 1635 1823 1283 1271 1230 1181 1238 1650 1236 1185 1193 1995 1075 1967 1234 1690 1028 1445 1371 1781 1914 1367 1526 1408 1996 1742 1042 1679 1375 1963 1705 1480 1164 1045 1640 1137 1789 1706 1522 1076 1708 1707 1554 1867 1031 1539 1482 1470 1944 1181 1341 1137 1823 1443 1958 1863 1337 1415 1956 1820 1111 1723 1378 1239 1708 1905 1739 1177 1887 1907 1140 1510 1339 1368 1206 1281 1547 1912 1197 1247 1571 1953 1195 BCNSPRNW ULIB Ver.6.0+V

เปลี่ยนเป็นภาษาไทย

Change to English
 แสดงรายละเอียดบรรณานุกรม
  กลับหน้าหลัก

Brief Record : Get Marc (ISO 2709) : E-mail record : QR code < ปิดหน้าต่าง
LEADER : 00000nam 2200000uu 4500
001    13399113974
003     ULIB
008    110208s||||||||th 000 0 tha d
020    9789748817941
060 04 WY18.2^bว587ส 2548
245 00 สาระทบทวน :^bกฎหมายและจรรยาบรรณวิชาชีพการพยาบาล /^cบรรณาธิการ, ละเอียด แจ่มจันทร์, สุรี ขันธรักษวงศ์
246 30 กฎหมายและจรรยาบรรณวิชาชีพการพยาบาล
250    พิมพ์ครั้งที่ 2
260    กรุงเทพฯ :^bจุดทอง, ^c2548
300    144 หน้า ;^c26 ซม.
650  7 การพยาบาล^xกฎหมายและระเบียบข้อบังคับ
650  7 จรรยาบรรณพยาบาล
700 0  ละเอียด แจ่มจันทร์,^eบรรณาธิการ
700 0  สุรี ขันธรักษวงศ์,^eบรรณาธิการ
945    ^p0^l0^i016671
945    ^p0^l0^i016672
945    ^p0^l0^i016673
945    ^p0^l0^i016674
945    ^p0^l0^i016675
945    ^p0^l0^i019185
945    ^p0^l0^i025755
995    ทศพร
999 ^a ใช้งานได้ทุกระบบ
รายการนี้ยังไม่มีแท็ก
คุณยังไม่ได้ล็อกอิน คุณสามารถมีกิจกรรมร่วมกับเว็บไซต์ได้ แต่ต้องล็อกอินก่อน ::
  ล็อกอิน

รายการสื่อสารสนเทศ

ลำดับที่ ประเภท เลขเรียก/บาร์โค้ด สถานที่ สถานะ
- ไม่พบข้อมูล -

รายการใกล้เคียง
    หัวเรื่อง [การพยาบาล กฎหมายและระเบียบข้อบังคับ]
    หัวเรื่อง [จรรยาบรรณพยาบาล]

BibComment


ยังไม่เคยถูกคอมเมนท์

คอมเมนท์ทรัพยากรรายการนี้
  คอมเมนท์: สาระทบทวน กฎหมาย..


 Copyright 2026. Bcnsprnw @Library